000
00285nam a22001337a 4500
008
170406b xxu||||| |||| 00| 0 eng d
020
_a
9781429202114
041
_a
eng
080
_2
6 ED
_a
575
100
_a
9
101
_a
SHM
245
_a
IMUNOLOGY
_c
KINDT.TH.J
942
_2
udc
_c
BK
999
_c
10002
_d
10002